FC 24 TOTW 2 - Statistics

General Stats
  • This quiz has been taken 11 times
  • The average score is 10 of 18
Answer Stats
rat pos club player % Correct
TOTW 91 ST Bayern Munich Harry Kane
100%
TOTW 88 ST Tottenham Hotspur Son Heung-Min
100%
TOTW 83 LM Brighton & Hove Albion Kaoru Mitoma
89%
TOTW 86 RB Newcastle Kieran Trippier
89%
TOTW 87 CDM Al-Ittihad N'Golo Kanté
89%
TOTW 83 CM Bayer Leverkusen Exequiel Palacios
67%
TOTW 82 CB OGC Nice Jean-Clair Todibo
67%
TOTW 84 RM Al-Nassr Anderson Talisca
56%
TOTW 83 ST Paris Saint-Germain Gonçalo Ramos
56%
TOTW 83 RM SL Benfica David Neres
44%
TOTW 80 RW Plymouth Argyle Morgan Whittaker
44%
TOTW 81 CB Fenerbahçe Alexander Djiku
33%
TOTW 87 RB FC Barcelona João Cancelo
33%
TOTW 82 GK Fiorentina Pietro Terracciano
33%
TOTW 80 CF Inter Miami Robert Taylor
33%
TOTW 85 CM Atlético Madrid Saúl Ñíguez
33%
TOTW 80 RW FC København Rooney Bardghji
22%
TOTW 80 ST Paris Saint-Germain Féminine Amalie Vangsgaard
11%
No matching quizzes found
Score Distribution
Percent of People with Each Score
Percentile by Number Answered
Your Score History
You have not taken this quiz